000 00443nam a2200193Ia 4500
003 0100
008 130303s9999 xx 000 0 und d
040 _cARRUPELIB
050 _aB3317.A397
100 _aAlderman, Harold
245 _aNietzsche's Gift
260 _aAthens
260 _bOhio University press
260 _C1977
300 _a184p.
300 _b 23cm
650 _bLogic, Symbolic and Mathematics
942 _2lcc
_04
999 _c61723
_d61723